000 00733nam a2200193 a 4500
001 000023220
005 20200930022052.0
008 101130s2001 pn r 000 p spa d
040 _aDO-SdBNP
_bspa
_cBNPHU
082 _aP861.4408
_bP745p
245 0 0 _aPoesía panameña contemporánea :
_bantología 41 autores /
_ccompilación y prólogo Luis Carlos Jiménez Varela.
260 _aPanamá :
_bcírculo Cultura y Literario León A. Soto,
_c2001.
300 _a154 p. ;
_c21 cm.
500 _aIncluye referencia biográfica del compilador en la contra portada.
650 4 _aPoesía panameña
_xColecciones
_947806
650 4 _aLiteratura panameña
_94261
700 1 _aJiménez Varela, Luis Carlos,
_epról.
_947807
049 _aBNGR
999 _c22717
_d22717